| 000 | 00894nam a2200337 4500 | ||
|---|---|---|---|
| 001 | 0445337 | ||
| 003 | DO-SdBNP | ||
| 005 | 20180221095607.0 | ||
| 007 | 0445337 | ||
| 008 | 950627s 1992 sp | |||| ||spa | ||
| 016 | 7 |
_a _2BPMSU |
|
| 017 |
_a _b |
||
| 020 | _a843481174X | ||
| 035 | _a | ||
| 040 |
_aBPMSU _bspa _cBPMSU _e |
||
| 041 | 1 |
_aspa _h |
|
| 080 | 0 | _a | |
| 100 | 1 |
_aLobe, Mira, _d1913- |
|
| 240 | 1 | 4 |
_a _l |
| 245 | 1 | 3 |
_aEl fantasma de palacio / _cMira Lobe ; ilustración Susi Weigel ; traducción. _h |
| 250 | _a14ª ed. | ||
| 260 |
_aMadrid : _bSM, _c1992. |
||
| 300 |
_a75 p. ; _bil.: _c19 cm. |
||
| 490 | 1 |
_aEl barco de vapor _v5 |
|
| 700 | 1 | 2 |
_aWeigel, Susi, _eil. |
| 700 | 1 | 2 |
_aLarriba, Jesús, _etr. |
| 830 | 0 |
_aEl barco de vapor. blanca _v5 |
|
| 942 |
_2ddc _cBK |
||
| 945 | _aInventariado, 2018 /LP | ||
| 956 |
_aVMATEO _b10 _c20151209 _hBPMSU _200151 |
||
| 999 |
_c9062 _d9062 |
||